[Event "Tashkent FIDE GP"]
[Site "Toshkent UZB"]
[Date "2014.10.28"]
[Round "7"]
[White "Caruana, Fabiano"]
[Black "Gelfand, Boris"]
[Result "1-0"]
[WhiteElo "2844"]
[BlackElo "2748"]
[EventDate "2014.10.20"]
[Annotator "Bojkov,Dejan"]
[PlyCount "69"]
[Beauty "8041789406729"]
[EventCountry "UZB"]

{[Annotations by GM Dejan Bojkov]} 
1.d4 Nf6 2.c4 e6 3.Nc3 Bb4 4.Qc2 d5 5.cxd5 exd5 6.Bg5 h6 7.Bxf6 {Caruana explained at the press conference that he could not remember the theory after the principled 7.Bh4 move and decided to play it simple. A quick look in the Megabase reveals that 7.Bxf6 is played more often.} 7...Qxf6 8.e3 ( {As the bishop is going to capture on c3 anyway White decided to skip the a2-a3 move. One important example of this approach is the following game} 8.a3 Bxc3+ 9.Qxc3 O-O 10.e3 Bf5 11.Nf3 Nd7 12.Be2 Rfc8 13.O-O c5 {Radjabov,T (2793)-Grischuk,A (2764) London 2013} ) 8...O-O 9.a3 Bf5 {The trade of the light-squared bishop is very good for Black.} 10.Bd3 Bxc3+ 11.bxc3 Bxd3 {Simple play.} ( {Both the players saw that in the line} 11...Qg6 $2 12.Bxf5 $1 Qxg2 13.f3 Qxh1 14.O-O-O {the black queen will be trapped. For instance} 14...g6 15.Qf2 gxf5 16.Ne2 Qxd1+ 17.Kxd1 {and White is winning as the black king is too exposed.} ) ( {Caruana also mentioned the interesting} 11...Bg6 {move with good play for Black.} ) 12.Qxd3 {The outcome of the opening is just fine for the second player. Gelfand managed to trade three light pieces and has plenty of space for the remaining ones.} 12...c5 {A logical novelty. Boris plays on the flank where he is stronger.} ( {Also good is the immediate} 12...Nd7 13.Nf3 c5 ) ( {Previously Black preferred not to advance the pawns on the queenside} 12...Qg5 13.g3 Qg4 14.Ne2 Nd7 {Jaracz,P (2502)-Jakubowski,K (2532) Czechia 2013} ) 13.Ne2 {The knight looks more flexible on e2 and might attack the d5 pawn in the future from f4.} ( {In case of} 13.dxc5 Rc8 14.Ne2 Rxc5 {both sides will have weak pawns and the black knight can occupy the excellent outposts on e4 and c4.} 15.Nd4 Nd7 {followed by Nd7-e5-c4.} ) 13...Nd7 14.O-O Qc6 {A flexible move. Gelfand keeps all his options on the c file.} ( {If} 14...c4 15.Qc2 b5 16.a4 {and White has some pressure on the queen's wing.} ) 15.a4 Rfc8 ( {Fabiano also mentioned the move} 15...c4 {in the press conference. Since Black had traded three sets of light pieces this is indeed a very good idea. The attack with e3-e4 is not going to be that effective for the first player and Black can hope to advance on the queen's flank.} ) 16.Rfb1 Rc7 {Both the sides maneuver and do all the useful moves.} 17.a5 Rac8 18.h3 Nf6 19.Ng3 Qe6 $6 {This leads to some trouble for Black.} ( {It was easier not to allow the knight to f5 with the simple} 19...g6 ) 20.dxc5 {"It went from completely unclear to me slightly pressing." (Caruana)} 20...Ne4 ( {At the press conference the players briefly discussed the line} 20...Qe7 21.Qd4 ( {However} 21.a6 bxa6 22.Rxa6 Qxc5 23.Rb3 {gives White a pull in this line.} ) 21...Rxc5 22.Nf5 Qe6 23.g4 $5 {This was Fabiano's intention, but then Boris can react with the sharp} 23...Rc4 $5 24.Qxa7 Nxg4 25.hxg4 Rxg4+ 26.Ng3 h5 {with plenty of joy and an attack. The least he can do here I suppose is perpetual.} ) 21.Nxe4 dxe4 22.Qd6 Qf5 23.Ra4 Rxc5 $1 {Simple and strong.} ( {Black has still some problems in case of} 23...Rd7 24.g4 Rxd6 25.gxf5 Rxc5 26.Rxb7 Rxf5 27.Rxe4 {although Black should survive after} 27...Ra6 28.Re8+ Kh7 29.Ree7 ( 29.e4 $5 {to spoil Black's regrouping seems interesting.} ) 29...Raf6 30.f4 Rxa5 ( 30...a6 ) 31.Rxa7 Raf5 32.Kg2 g5 $1 ) 24.Rxb7 {The critical moment of the game. Gelfand needed to chose how to force the draw. He made the wrong choice.} 24...Rxa5 $2 {A blunder.} ( {Correct was} 24...Rxc3 25.Qf4 Qxf4 26.exf4 {which was called "unpleasant" by Gelfand, but with active play he can force a draw} 26...Rc1+ ( {They both saw} 26...R3c7 27.Rxc7 Rxc7 28.Rxe4 Rc5 29.Re5 {although this should also be holdable for Black.} ) 27.Kh2 R8c2 $1 {Activity above all! The two rooks on the second rank guarantee the half point.} 28.Rxe4 ( 28.Kg3 Rf1 29.Rxa7 Rfxf2 ) 28...Rxf2 29.Re8+ Kh7 30.Rxf7 Rcc2 ) 25.Rxa5 Qxa5 26.Rxf7 $1 {This was missed by Gelfand who looked very frustrated after the game.} 26...Qxc3 ( 26...Kxf7 27.Qd7+ Kg6 28.Qxc8 {leaves Black no chances as his king is exposed and the c pawn runs fast.} ) 27.Rxa7 Kh8 ( {One more nice line was given by the two players} 27...Rf8 28.Ra8 $1 {and Black cannot win the pawn back} 28...Qe1+ ( {Or else Black loses another pawn} 28...Rxa8 29.Qd5+ Kf8 30.Qxa8+ Kf7 31.Qxe4 ) 29.Kh2 Qxf2 30.Rxf8+ Qxf8 31.Qxf8+ Kxf8 32.Kg3 g5 33.Kg4 {as the pawn endgame is easily won for White.} ) 28.Rf7 {An extra pawn and active pieces leave no chances to Black.} 28...Re8 29.g4 $1 {With the threat Rf7-f8 to win the e4 pawn.} ( {Caruana avoids the line} 29.Rf8+ Rxf8 30.Qxf8+ Kh7 31.Qf5+ Kh8 32.Qxe4 Qe1+ 33.Kh2 Qxf2 {where Black will survive.} ) 29...Kh7 30.Qd7 Rb8 31.Qf5+ Kg8 32.Ra7 Qb2 ( {The pawn cannot be saved.} 32...Qc4 33.Rxg7+ ) 33.Qxe4 Rf8 34.Qd5+ Kh7 35.Rf7 {Not the kind of play we are expecting from the world's number two but Caruana took his chance and brought the point back home.} 1-0

[Event "World Chess Championship 2014"]
[Site "Sochi"]
[Date "2014.11.09"]
[Round "2"]
[White "Carlsen, Magnus"]
[Black "Anand, Viswanathan"]
[Result "1-0"]
[WhiteElo "2863"]
[BlackElo "2792"]
[EventDate "2014.??.??"]
[Annotator "Bojkov,Dejan"]
[PlyCount "69"]
[Beauty "8041386740232"]
[EventCountry "RUS"]

{[Annotations by GM Dejan Bojkov]} 
1.e4 {Once people tended to say that this move demonstrates the determination of the first player.} 1...e5 2.Nf3 Nc6 3.Bb5 Nf6 {Nowadays some people long for the old days. It did not take long to see the Berlin in the match.} 4.d3 {Magnus decides to try and squeeze something out of the Anti-Berlin.} 4...Bc5 5.O-O d6 6.Re1 ( {Adams tried the trade on c6 recently:} 6.Be3 Bb6 7.Bxc6+ bxc6 8.h3 O-O 9.Re1 h6 10.Nbd2 {Adams,M (2743)-Ponomariov,R (2723) Dortmund 2014} ) ( {Looking ahead into the game, we should say that there is another adherent of the approach that the world champion. Gata Kamsky is the man in question, although he prefers to develop the bishop to e3 whenever he captures on c6.} 6.Bxc6+ bxc6 7.h3 O-O 8.Nc3 Bb6 9.Re1 {Kamsky,G (2723)-Ponomariov,R (2718) Moscow 2008} ) 6...O-O 7.Bxc6 {The fact that Carlsen inserted the rook move before trading shows that he has something original on his mind.} 7...bxc6 8.h3 Re8 9.Nbd2 {The actual novelty.} ( {Previously only} 9.Be3 {had been tried. White won that game too - is this the refutation of the Berlin?!} 9...Bb6 10.Nbd2 {Moritz,A (1237)-Kyas,P (1506) Willingen 2006} ) 9...Nd7 {One idea is to conduct d6-d5. Another- to bring the knight to e6 from where it will control both d4 and f4 squares.} ( {Also interesting is} 9...h6 10.Nc4 Nh7 {intending f7-f5} ( {or} 10...Be6 $5 ) ) 10.Nc4 Bb6 ( {The central aproach is tactically justified:} 10...d5 11.exd5 cxd5 12.Ncxe5 Nxe5 13.Nxe5 Bxf2+ 14.Kxf2 Rxe5 15.Rxe5 Qf6+ 16.Qf3 Qxe5 {but this would have led to the typical Carlsen position after} 17.Qf4 Qe7 18.Be3 {with a slight edge and without much counterplay for the opponent.} ) ( {Anand also disliked} 10...Nf8 11.c3 Ne6 12.d4 exd4 13.cxd4 Bb6 14.Be3 {which seems a bit better for White as well.} ) 11.a4 $1 {A typical Scotch idea.} ( {Magnus wants to trade the bishop but does not want to allow} 11.Nxb6 axb6 {which will reinforce black's dark-squared control.} ) 11...a5 12.Nxb6 {Carlsen didn't see anything better.} 12...cxb6 ( {"Very sound but even} 12...Nxb6 {was not too bad here." (Carlsen)} ) 13.d4 {White managed to get something out of the opening. Still, it should not be much.} 13...Qc7 {One of the natural moves that remain unnoticed without thorough analysis. I would not call it a mistake but since White's initiative grew after it with alarming speed this moment is worth mentioning!} ( {Probably Vishy had to clarify the situation in the center with} 13...c5 $5 14.dxe5 ( 14.c3 cxd4 15.cxd4 Bb7 16.Ra3 d5 ) 14...Nxe5 {with the idea to meet} 15.Ra3 {with} 15...Ba6 ) 14.Ra3 $1 {The rook is looking for a career in the center or on the kingside.} 14...Nf8 15.dxe5 dxe5 16.Nh4 ( {There is nothing to hope for on the open file at the moment:} 16.Rd3 Ba6 17.Rd2 Rad8 ) 16...Rd8 17.Qh5 ( 17.Rd3 Ba6 ) 17...f6 {Anand is carefully defending. He brings fresh forces on the flank - first the queen, then centralizing the bishop.} ( 17...Ng6 {may transpose to the game:} 18.Nf5 f6 19.Rg3 Be6 ) 18.Nf5 Be6 $6 ( {The players thought that after} 18...Qf7 19.Qe2 Ne6 20.Rg3 Kh8 {Black should be alright.} ) 19.Rg3 {Carlsen also did everything that he could to create threats. Now the defense is quite unpleasant for the Indian GM.} 19...Ng6 ( {Vishy could have also defended with} 19...Rd7 20.Bh6 g6 21.Qh4 Qd8 22.Qg4 Kh8 23.h4 Raa7 ( {Not} 23...gxf5 $2 24.exf5 Qe7 25.fxe6 Nxe6 26.Qf5 ) 24.h5 g5 {although Black's situation remains unpleasant.} ) 20.h4 {White already had a choice of interesting continuations} ( 20.Bh6 $5 {would have most likely transposed to the previous note because if} 20...gxh6 ( 20...Rd7 21.h4 {transposes to the line above} ) 21.Rxg6+ $1 hxg6 22.Qxg6+ Kf8 ( 22...Kh8 $2 23.Qxf6+ Kh7 24.Qxh6+ Kg8 25.Qxe6+ ) 23.Qxf6+ Qf7 ( 23...Bf7 24.f4 $3 exf4 25.e5 {is mate in 8 if you ask your engine...} ) 24.Qxh6+ Ke8 {(Carlsen thought this would only lead to a perpetual)} ( 24...Kg8 25.Re3 ) 25.Qh8+ Kd7 26.Rd1+ Kc7 27.Qxe5+ Kb7 28.Rxd8 Rxd8 29.Nd6+ Rxd6 30.Qxd6 {the four pawns should be definitely stronger than the bishop.} ) 20...Bxf5 {A critical moment of the game! The knight was definitely annoying but after this trade Vishy gives the keys of the castle to Magnus.} ( {The inhuman defense} 20...Rd7 21.Qg4 ( {However, White can play better} 21.Bh6 $1 {with the point} 21...gxh6 22.Qxh6 {that leads to unstoppable the h4-h5 and a powerful attack.} ) 21...Nf4 22.Bxf4 exf4 23.Rf3 Re8 {is suggested by the engines} 24.Rxf4 Qe5 25.c3 g6 26.h5 Kf7 27.hxg6+ hxg6 28.Nh6+ Kg7 29.Nf5+ Kf7 ) ( {One more inhuman defense is the line} 20...Kh8 {I have no idea what marks to put on that one...} 21.Rxg6 ( {Most likely Carlsen would prefer} 21.Qf3 Bxf5 22.exf5 ( 22.Qxf5 ) 22...Ne7 {but this would be more favorable version of the game continuation for Black.} ) 21...Qf7 22.Bh6 {Still no idea...} 22...gxh6 23.Rxh6 Qxh5 24.Rxh5 Rd2 25.Ne3 {White is a pawn up but plays without the rook on h5.} ) 21.exf5 Nf4 ( {White is also better after} 21...Nf8 22.Be3 c5 23.Qg4 Kh8 24.h5 Qf7 ( 24...h6 $2 25.Bxh6 ) 25.h6 g5 26.Qe2 {but was probably preferable to the game continuation.} ( 26.fxg6 Nxg6 27.f4 ( 27.Qf5 ) ) ) 22.Bxf4 exf4 23.Rc3 {The difference in the activity of the heavy pieces spells trouble to the Challenger.} 23...c5 24.Re6 $1 ( {Magnus wisely refuses to win the pawn in return for activity with} 24.Rc4 Qf7 25.Qxf7+ Kxf7 26.Rxf4 Rd2 27.Re6 Rb8 28.Rc6 Rb7 ( {There is no time for} 28...Rxc2 29.Rc7+ Kf8 ( 29...Kg8 30.Rg4 ) 30.Rg4 ) 29.Rc4 Rd5 ( 29...Re7 30.Rxb6 Re1+ 31.Kh2 Rxf2 32.Rxc5 ) 30.g4 h5 31.f3 {White has good winning chances but the game continuation was even stronger!} ) 24...Rab8 25.Rc4 Qd7 26.Kh2 $1 ( {Once again discarding} 26.Rxf4 Qd1+ 27.Qxd1 Rxd1+ 28.Kh2 Rd2 29.h5 h6 ) 26...Rf8 ( 26...Re8 27.Rce4 Rxe6 28.fxe6 Qe7 29.Qf5 ) 27.Rce4 Rb7 28.Qe2 $1 {The Alekhine doubling of the heavy pieces in action.} ( {It was also possible to grab the pawn:} 28.Rxf4 Qd2 29.Qf3 ) 28...b5 {Missed by Carlsen.} 29.b3 ( 29.Re7 Qd6 ) 29...bxa4 ( {Anand will be happy to get rid of the queenside pawn but after} 29...c4 30.axb5 cxb3 31.b6 b2 32.Qc4 $1 {White wins due to the line} 32...b1=Q 33.Re8+ Qf7 34.Rxf8+ Kxf8 35.Qc8+ Qe8 36.Qxe8# ) 30.bxa4 {Once more no rush. It might have been horrible to be in Anand's shows this game.} ( 30.Re7 Qd5 31.Rxb7 Qxb7 32.Rxa4 ) 30...Rb4 ( 30...h6 31.c3 $1 {preventing Rb4 would not have changed the situation. White will start the harvest soon.} ) 31.Re7 Qd6 $1 {The best defense.} ( {In case of} 31...Rxe4 32.Qxe4 Qc8 {White would have taken the more valuable pawns first:} 33.Ra7 Re8 34.Qd5+ Kh8 35.Rxa5 ) 32.Qf3 Rxe4 33.Qxe4 f3+ 34.g3 h5 $4 {This loses instantly. Vishy blunders under the constant pressure.} ( {After} 34...Qd2 35.Qxf3 Qxc2 36.Ra7 Re8 37.Rxa5 {Magnus would still need to show good technique to deserve the full point.} ) 35.Qb7 {One of those typical Magnus games where one wonders where his opponent made a mistake! The new plan chosen by the world champion proved more venomous than expected. But it was the super neat play of Carlsen that won the game!} 1-0